NHL Teams that have won the Stanley Cup - Sudden Death - Statistics

General Stats
  • This quiz has been taken 264 times
  • The average score is 17 of 22
Answers on the Grid
Answers color-coded by a green-red scale on the quiz's grid according to % correct below.
Anaheim Ducks
Boston Bruins
Buffalo Sabres
Calgary Flames
Carolina Hurricanes
Chicago Blackhawks
Colorado Avalanche
Columbus Blue Jackets
Dallas Stars
Detroit Red Wings
Edmonton Oilers
Florida Panthers
Los Angeles Kings
Minnesota Wild
Montreal Canadiens
Nashville Predators
New York Islanders
New York Rangers
New Jersey Devils
Ottawa Senators
Philadelphia Flyers
Pittsburgh Penguins
San Jose Sharks
Seattle Kraken
St. Louis Blues
Tampa Bay Lightning
Toronto Maple Leafs
Utah Hockey Club
Vancouver Canucks
Vegas Golden Knights
Washington Capitals
Winnipeg Jets
 
Answer Stats
Answer % Correct
Boston Bruins
93%
Chicago Blackhawks
83%
Montreal Canadiens
83%
Edmonton Oilers
82%
Colorado Avalanche
81%
Detroit Red Wings
81%
Los Angeles Kings
81%
New York Rangers
81%
Florida Panthers
79%
Anaheim Ducks
75%
Dallas Stars
75%
New York Islanders
75%
Pittsburgh Penguins
75%
Carolina Hurricanes
74%
Philadelphia Flyers
74%
New Jersey Devils
73%
Toronto Maple Leafs
72%
Calgary Flames
71%
Tampa Bay Lightning
71%
St. Louis Blues
69%
Washington Capitals
69%
Vegas Golden Knights
67%
No matching quizzes found
Score Distribution
Percent of People with Each Score
Percentile by Number Answered
Your Score History
You have not taken this quiz